[Event "SRB-chT 2nd League West"]
[Site "Kragujevac"]
[Date "2019.09.08"]
[Round "4.3"]
[White "Kecap, Ismed"]
[Black "Dimitrijevic, Milorad"]
[Result "1/2-1/2"]
[WhiteElo "2173"]
[BlackElo "2255"]
[PlyCount "109"]
[EventDate "2019.09.06"]
[EventType "team-tourn"]
[EventRounds "11"]
[EventCountry "SRB"]
[SourceTitle "EXT 2020"]
[Source "ChessBase"]
[SourceDate "2019.10.17"]
[SourceVersion "1"]
[SourceVersionDate "2019.10.17"]
[SourceQuality "1"]
[WhiteTeam "Tutin"]
[BlackTeam "Ivanjica"]
[WhiteTeamCountry "SRB"]
[BlackTeamCountry "SRB"]

1. e4 e5 2. Nf3 Nc6 3. d4 Nf6 4. dxe5 Nxe4 5. Qd5 Nc5 6. Bg5 Be7 7. Be3 Ne6 8. a3 a6 9. Nbd2 d6 10. exd6 Bxd6 11. Bc4 0-0 12. 0-0 Nf4 13. Bxf4 Bxf4 14. Qxd8 Rxd8 15. Bd3 Bg4 16. h3 Bh5 17. g4 Bg6 18. Bxg6 hxg6 19. Nb3 Ne5 20. Nxe5 Bxe5 21. c3 Rd6 22. Na5 b5 23. Rfe1 f6 24. Nb3 Rd5 25. Rad1 Rad8 26. Rxd5 Rxd5 27. Kf1 c5 28. Ke2 Kf7 29. Rd1 Ke6 30. Rf1 g5 31. Nc1 a5 32. Nd3 c4 33. Ne1 b4 34. axb4 axb4 35. Nc2 bxc3 36. bxc3 Rd3 37. Ne3 Rxc3 38. Rb1 Rb3 39. Rc1 Rb2+ 40. Kf3 c3 41. Nc4 Rb3 42. Ke4 Bf4 43. Rc2 g6 44. Kd4 Be5+ 45. Nxe5 fxe5+ 46. Kd3 Kd5 47. f3 Ra3 48. Rxc3 Rxc3+ 49. Kxc3 e4 50. Kd2 exf3 51. Ke3 f2 52. Kxf2 Kd4 53. Kf3 Kd3 54. Kg3 Ke3 55. Kg2 1/2-1/2

[Event "SRB-chT2 West"]
[Site "Arandjelovac"]
[Date "2018.09.07"]
[Round "1.3"]
[White "Vujic, Mihailo"]
[Black "Dimitrijevic, Milorad"]
[Result "1/2-1/2"]
[WhiteElo "2327"]
[BlackElo "2229"]
[PlyCount "120"]
[EventDate "2018.09.07"]
[EventType "team-tourn"]
[EventRounds "11"]
[EventCountry "SRB"]
[SourceTitle "EXT 2021"]
[Source "ChessBase"]
[SourceDate "2020.10.23"]
[SourceVersion "1"]
[SourceVersionDate "2020.10.23"]
[SourceQuality "1"]
[WhiteTeam "Loznica Grad"]
[BlackTeam "Bajina Basta"]
[WhiteTeamCountry "SRB"]
[BlackTeamCountry "SRB"]

1. e4 e5 2. Nf3 Nc6 3. d4 exd4 4. Nxd4 Bc5 5. Nxc6 Qf6 6. Qf3 Qxc6 7. Nc3 Nf6 8. Bd2 0-0 9. Bb5 Qe6 10. 0-0-0 c6 11. Ba4 h6 12. h3 Qe7 13. g4 d5 14. exd5 Nxd5 15. Ne4 Bb6 16. g5 f5 17. Nc3 Be6 18. gxh6 g6 19. Bb3 Nxc3 20. Bxc3 Bxb3 21. axb3 Rad8 22. Qg3 Kh7 23. Rde1 Qf7 24. Qg5 Rfe8 25. f3 Rd6 26. Rxe8 Qxe8 27. Re1 Re6 28. Rxe6 Qxe6 29. Kb1 Qd6 30. h4 Bd8 31. Qe3 Bf6 32. Bxf6 Qxf6 33. Qxa7 Qe7 34. Qd4 Kxh6 35. Qh8+ Qh7 36. Qd8 Qf7 37. c4 Kg7 38. Kc2 Kh6 39. Kd3 Qg7 40. Qg5+ Kh7 41. h5 Qd7+ 42. Kc3 gxh5 43. Qxh5+ Kg7 44. Qg5+ Kf8 45. Qf6+ Kg8 46. b4 Kh7 47. Qd4 Qe7 48. Kb3 Kg6 49. Ka4 Kg5 50. b5 c5 51. Qd2+ f4 52. b4 cxb4 53. Qxb4 Qe3 54. Qa3 Kh4 55. c5 Kg3 56. Qxe3 fxe3 57. c6 bxc6 58. bxc6 e2 59. c7 e1Q 60. c8Q Qd1+ 1/2-1/2

[Event "Serbia Central Cup"]
[Site "Kragujevac"]
[Date "2018.04.30"]
[Round "2"]
[White "Dimitrijevic, Milorad"]
[Black "Milovanovic, Srboljub"]
[Result "1-0"]
[WhiteElo "2222"]
[BlackElo "2108"]
[PlyCount "77"]
[EventDate "2018.04.29"]
[EventType "swiss"]
[EventRounds "6"]
[EventCountry "SRB"]
[SourceTitle "CBM 184 Extra"]
[Source "ChessBase"]
[SourceDate "2018.06.28"]
[SourceVersion "1"]
[SourceVersionDate "2018.06.28"]
[SourceQuality "1"]

1. e4 c5 2. Nf3 Nc6 3. c4 e5 4. Nc3 d6 5. Be2 f5 6. 0-0 Nf6 7. exf5 Bxf5 8. d3 Be7 9. Nh4 Be6 10. f4 Qd7 11. Nf3 0-0 12. h3 exf4 13. Bxf4 d5 14. Ne5 Nxe5 15. Bxe5 d4 16. Bxf6 Rxf6 17. Rxf6 Bxf6 18. Ne4 Be7 19. Bg4 Bxg4 20. Qxg4 Qxg4 21. hxg4 Rf8 22. Rf1 Rxf1+ 23. Kxf1 Kf7 24. Ke2 Ke6 25. Kf3 Ke5 26. b3 b6 27. Kg3 h6 28. Nd2 Bg5 29. Ne4 g6 30. Kf3 Be3 31. a4 a5 32. g5 Bxg5 33. Nxg5 hxg5 34. Kg4 Kf6 35. g3 Ke6 36. Kxg5 Kf7 37. Kh6 Kf6 38. g4 Ke5 39. Kg5 1-0

[Event "SRB-chT2 West"]
[Site "Kragujevac"]
[Date "2017.10.06"]
[Round "7.4"]
[White "Rajkovic, Mladen"]
[Black "Dimitrijevic, Milorad"]
[Result "1/2-1/2"]
[WhiteElo "2295"]
[BlackElo "2201"]
[PlyCount "180"]
[EventDate "2017.09.08"]
[EventType "team-tourn"]
[EventRounds "11"]
[EventCountry "SRB"]
[SourceTitle "EXT 2022"]
[Source "ChessBase"]
[SourceDate "2021.10.06"]
[SourceVersion "1"]
[SourceVersionDate "2021.10.06"]
[SourceQuality "1"]

1. e4 e5 2. Nf3 Nc6 3. Bc4 Be7 4. d4 d6 5. 0-0 Nf6 6. Re1 0-0 7. h3 a6 8. a4 h6 9. Nc3 Re8 10. b3 b6 11. Ba3 Bb7 12. Nd5 Nxd4 13. Nxd4 exd4 14. Nxe7+ Rxe7 15. Qxd4 Rxe4 16. Rxe4 Bxe4 17. Re1 d5 18. Bf1 c5 19. Qd2 Qd7 20. Bb2 Qf5 21. Bxf6 Qxf6 22. f3 Bg6 23. Qxd5 Rd8 24. Qc4 Qd4+ 25. Qxd4 cxd4 26. Re2 Rc8 27. Rd2 Bxc2 28. Bxa6 Rc3 29. Rxd4 Bxb3 30. Bb5 Re3 31. Rb4 Be6 32. Kf2 Ra3 33. Rd4 Kf8 34. Rd8+ Ke7 35. Rb8 Bb3 36. Rb7+ Kd8 37. Kg3 Ra2 38. Rxb6 Bxa4 39. Bc4 Rd2 40. Bxf7 Ke7 41. Bc4 Bd7 42. Rg6 Kf8 43. h4 Be8 44. Ra6 Ke7 45. Re6+ Kf8 46. Re5 Bd7 47. Re4 Be8 48. Kh3 Bd7+ 49. g4 Rd6 50. Kg3 Bc6 51. Re3 Rd4 52. Be6 Bd7 53. Bb3 Bb5 54. Bc2 Kf7 55. Rb3 Bc6 56. Rb6 Bd5 57. Bg6+ Ke7 58. Bf5 Ra4 59. Rg6 Kf8 60. Rd6 Ba8 61. g5 hxg5 62. hxg5 Ra3 63. Bg4 Kf7 64. g6+ Ke7 65. Re6+ Kf8 66. Re5 Ra6 67. Bf5 Bc6 68. Kg4 Ra4+ 69. Be4 Bd7+ 70. Kg5 Ra1 71. Rd5 Ke7 72. Re5+ Kf8 73. Bf5 Bc6 74. Bg4 Rb1 75. Rf5+ Ke8 76. Rf7 Rb7 77. Rf4 Rb5+ 78. Bf5 Ra5 79. Kg4 Ra3 80. Be4 Bd7+ 81. Kg3 Be6 82. Bf5 Bxf5 83. Rxf5 Ra6 84. Re5+ Kd7 85. Rg5 Ke6 86. f4 Kf6 87. Kf3 Ra3+ 88. Kg4 Ra1 89. Rb5 Rg1+ 90. Kf3 Kxg6 1/2-1/2

[Event "SRB-chT2 West"]
[Site "Kragujevac"]
[Date "2017.09.08"]
[Round "1"]
[White "Bugarcic, Ivan"]
[Black "Dimitrijevic, Milorad"]
[Result "1-0"]
[WhiteElo "2150"]
[BlackElo "2201"]
[PlyCount "121"]
[EventDate "2017.09.08"]
[EventType "team-tourn"]
[EventRounds "11"]
[EventCountry "SRB"]
[SourceTitle "EXT 2022"]
[Source "ChessBase"]
[SourceDate "2021.10.06"]
[SourceVersion "1"]
[SourceVersionDate "2021.10.06"]
[SourceQuality "1"]

1. g3 e5 2. Bg2 Nf6 3. c4 c5 4. Nc3 Be7 5. Nf3 Nc6 6. d3 0-0 7. Nd5 d6 8. Nxe7+ Qxe7 9. 0-0 h6 10. Bd2 Be6 11. a3 Rac8 12. Bc3 Qd7 13. Re1 Rfe8 14. b4 b6 15. b5 Ne7 16. a4 Ng6 17. a5 Qc7 18. axb6 axb6 19. Ra6 d5 20. Qa4 Qd6 21. Nd2 Rb8 22. cxd5 Bxd5 23. Nc4 Qc7 24. e4 Bxc4 25. Qxc4 Nh7 26. Rea1 Ng5 27. h4 Ne6 28. h5 Ne7 29. Ra7 Qd6 30. f4 Nd4 31. Bxd4 cxd4 32. fxe5 Qxe5 33. Rf1 Rf8 34. Qc7 Qxc7 35. Rxc7 Rfe8 36. Bh3 Kf8 37. Be6 f6 38. e5 f5 39. Bd7 Nd5 40. Rxf5+ Kg8 41. Bxe8 Nxc7 42. Bc6 Rd8 43. Kf2 Ne6 44. Ke2 Nc5 45. e6 Rd6 46. Re5 Nxe6 47. Bd5 Kf7 48. Kf3 Kf6 49. Rxe6+ Rxe6 50. Bxe6 Kxe6 51. Ke4 Ke7 52. Kxd4 Kd6 53. Ke4 Kc5 54. Ke5 Kxb5 55. d4 Kc6 56. Ke6 Kc7 57. d5 b5 58. Ke7 b4 59. d6+ Kc6 60. d7 b3 61. d8Q 1-0

[Event "SRB-chT Cup"]
[Site "Kragujevac"]
[Date "2016.04.23"]
[Round "6.5"]
[White "Dimitrijevic, Milorad"]
[Black "Bjelanovic, Mile"]
[Result "1-0"]
[WhiteElo "2113"]
[BlackElo "1895"]
[PlyCount "81"]
[EventDate "2016.04.20"]
[EventType "team-swiss"]
[EventRounds "7"]
[EventCountry "SRB"]
[SourceTitle "CBM 172 Extra"]
[Source "ChessBase"]
[SourceDate "2016.06.21"]
[SourceVersion "1"]
[SourceVersionDate "2016.06.21"]
[SourceQuality "1"]
[WhiteTeam "Bajina Basta"]
[BlackTeam "Kragujevac Palilule"]
[WhiteTeamCountry "SRB"]
[BlackTeamCountry "SRB"]

1. e4 e6 2. d4 d5 3. Nd2 Nf6 4. Bd3 c5 5. e5 Nfd7 6. c3 Nc6 7. Ne2 f6 8. exf6 Nxf6 9. Nf3 cxd4 10. cxd4 Bd6 11. 0-0 e5 12. dxe5 Nxe5 13. Nxe5 Bxe5 14. Qb3 0-0 15. f4 Bc7 16. Be3 Kh8 17. Bd4 Qe7 18. Rac1 Qf7 19. Nc3 Ba5 20. Nb5 a6 21. Nd6 Qd7 22. Bc5 g6 23. Qa3 b6 24. Bd4 Kg7 25. Nxc8 Raxc8 26. Rxc8 Rxc8 27. b4 Qe7 28. Qb2 Bxb4 29. Bxf6+ Qxf6 30. Qxb4 a5 31. Qa4 Rc5 32. Rd1 Qe7 33. Qd4+ Kf7 34. a4 Qe6 35. h3 Qf6 36. Qxf6+ Kxf6 37. Rb1 Rc6 38. Kf2 h6 39. Ke3 g5 40. fxg5+ hxg5 41. Kd4 1-0

[Event "SRB-chT2 West"]
[Site "Sabac"]
[Date "2014.09.26"]
[Round "3.6"]
[White "Osatovic, Aleksandar"]
[Black "Dimitrijevic, Milorad"]
[Result "0-1"]
[WhiteElo "2053"]
[BlackElo "2101"]
[PlyCount "132"]
[EventDate "2014.09.25"]
[EventType "team-swiss"]
[EventRounds "6"]
[EventCountry "SRB"]
[SourceTitle "EXT 2015"]
[Source "ChessBase"]
[SourceDate "2014.11.20"]
[SourceVersion "1"]
[SourceVersionDate "2014.11.20"]
[SourceQuality "1"]

1. d4 Nf6 2. c4 e6 3. Nf3 d5 4. Nc3 Be7 5. cxd5 exd5 6. Bg5 Nbd7 7. e3 h6 8. Bf4 c6 9. h3 Qa5 10. Bd3 0-0 11. 0-0 b5 12. a4 b4 13. Ne2 c5 14. b3 Ba6 15. Bxa6 Qxa6 16. dxc5 Nxc5 17. Ned4 Rfd8 18. Ne5 Rac8 19. Rc1 Bf8 20. Qf3 Nfe4 21. Nf5 Qf6 22. Qg4 h5 23. Qxh5 g6 24. Nh6+ Kh7 25. Qd1 Bxh6 26. Ng4 Qe6 27. Bxh6 f5 28. Qd4 Qe7 29. f3 Nxb3 30. Bg5 Qxg5 31. Qxa7+ Kg8 32. Rxc8 Rxc8 33. fxe4 fxg4 34. h4 Qxh4 35. Qf7+ Kh8 36. Qe6 Rg8 37. Qe5+ Rg7 38. Rf8+ Kh7 39. g3 Qe7 40. Qb8 g5 41. Rh8+ Kg6 42. Qb6+ Kf7 43. exd5 Qd7 44. Qxb4 Qxd5 45. Qf8+ Kg6 46. Qe8+ Rf7 47. Rf8 Qd1+ 48. Kg2 Qf1+ 49. Kh2 Qh3+ 50. Kg1 Qxg3+ 51. Kh1 Qf3+ 52. Kg1 g3 53. Qxf7+ Qxf7 54. Rxf7 Kxf7 55. Kg2 Na5 56. Kxg3 Nc4 57. Kg4 Kf6 58. Kf3 Kf5 59. e4+ Kf6 60. Kg3 Nd2 61. e5+ Kxe5 62. a5 Nc4 63. a6 Kf5 64. a7 Nb6 65. Kf3 g4+ 66. Ke3 Na8 0-1

[Event "SRB-chT3 North"]
[Site "Serbia"]
[Date "2008.10.26"]
[Round "11.4"]
[White "Ilic, Dragan M"]
[Black "Dimitrijevic, Milorad"]
[Result "1-0"]
[WhiteElo "2335"]
[BlackElo "2310"]
[PlyCount "54"]
[EventDate "2008.09.14"]
[EventType "team"]
[EventRounds "11"]
[EventCountry "SRB"]
[SourceTitle "EXT 2012"]
[Source "ChessBase"]
[SourceDate "2011.11.24"]
[SourceVersion "1"]
[SourceVersionDate "2011.11.24"]
[SourceQuality "1"]

1. d4 d5 2. Nf3 Nf6 3. c4 c6 4. Nc3 dxc4 5. a4 Bf5 6. e3 e6 7. Bxc4 Bb4 8. 0-0 Nbd7 9. Nh4 Bg6 10. Qb3 Qb6 11. Na2 Be7 12. a5 Qc7 13. Nc3 Nd5 14. Nxg6 hxg6 15. g3 N7f6 16. Be2 g5 17. Bf3 g4 18. Bg2 Rd8 19. e4 Nb4 20. Bf4 Qc8 21. Rfd1 Rh5 22. Rd2 Kf8 23. Qd1 g5 24. d5 exd5 25. e5 Ne4 26. Nxe4 dxe4 27. Rxd8+ Bxd8 1-0

[Event "SRB-chT3 North"]
[Site "Serbia"]
[Date "2007.09.30"]
[Round "4"]
[White "Sorgic, Dragan"]
[Black "Dimitrijevic, Milorad"]
[Result "1-0"]
[WhiteElo "2238"]
[BlackElo "2325"]
[PlyCount "87"]
[EventDate "2007.09.02"]
[EventType "team"]
[EventRounds "11"]
[EventCountry "SRB"]
[SourceTitle "EXT 2012"]
[Source "ChessBase"]
[SourceDate "2011.11.24"]
[SourceVersion "1"]
[SourceVersionDate "2011.11.24"]
[SourceQuality "1"]
[WhiteTeam "Arandjelovac"]
[BlackTeam "Karadjordje Topola"]
[WhiteTeamCountry "SRB"]
[BlackTeamCountry "SRB"]

1. e4 c6 2. d4 g6 3. Nd2 Bg7 4. Ngf3 d6 5. h3 Nf6 6. Bd3 0-0 7. 0-0 Nh5 8. Re1 e5 9. dxe5 dxe5 10. Bf1 Qe7 11. g3 Rd8 12. Qe2 Nd7 13. a4 Nc5 14. Nc4 b6 15. b3 Ne6 16. Ba3 c5 17. c3 Bb7 18. Bg2 Ba6 19. Nh2 Nf6 20. Nf1 h5 21. h4 Rd7 22. Nfe3 Rad8 23. Qc2 Nc7 24. b4 Qe6 25. b5 Bb7 26. f3 Bh6 27. Bf1 Nce8 28. Rad1 Nd6 29. Nxd6 Rxd6 30. Rxd6 Rxd6 31. Bc1 Kh7 32. Nc4 Rd7 33. Bxh6 Kxh6 34. Qc1+ Kg7 35. Qg5 Re7 36. Rd1 Ne8 37. Qd2 f6 38. Qd8 Rf7 39. Kh2 f5 40. Nd6 Nxd6 41. Rxd6 Qa2+ 42. Bg2 f4 43. Qg5 fxg3+ 44. Kxg3 1-0

[Event "SRB-chT3 North"]
[Site "Serbia"]
[Date "2006.??.??"]
[Round "2"]
[White "Cosovic, Miodrag"]
[Black "Dimitrijevic, Milorad"]
[Result "0-1"]
[WhiteElo "2276"]
[BlackElo "2336"]
[PlyCount "74"]
[EventDate "2006.09.10"]
[EventType "team"]
[EventRounds "11"]
[EventCountry "SRB"]
[SourceTitle "EXT 2012"]
[Source "ChessBase"]
[SourceDate "2011.11.24"]
[SourceVersion "1"]
[SourceVersionDate "2011.11.24"]
[SourceQuality "1"]

1. Nf3 c5 2. d4 g6 3. c4 Bg7 4. Nc3 cxd4 5. Nxd4 Nc6 6. Nc2 Nf6 7. e4 d6 8. Be2 0-0 9. 0-0 Be6 10. Rb1 Rc8 11. b3 a6 12. Bb2 Qa5 13. f3 b5 14. Nd5 bxc4 15. Bxc4 Bxd5 16. Bxd5 Nxd5 17. Bxg7 Kxg7 18. exd5 Ne5 19. a3 Rc3 20. b4 Qc7 21. f4 Rxc2 22. fxe5 dxe5 23. Rc1 Rc8 24. Rxc2 Qxc2 25. d6 Qxd1 26. Rxd1 exd6 27. Rxd6 a5 28. b5 a4 29. b6 Rc1+ 30. Kf2 Rb1 31. g4 h6 32. h4 Rb3 33. Rd5 Kf6 34. Ra5 Rxb6 35. Rxa4 Ke6 36. Ra5 f5 37. gxf5+ gxf5 0-1

[Event "SRB-chT3 North"]
[Site "Serbia"]
[Date "2006.??.??"]
[Round "1"]
[White "Dimitrijevic, Milorad"]
[Black "Manojlovic, Selimir"]
[Result "1-0"]
[WhiteElo "2336"]
[BlackElo "2165"]
[PlyCount "39"]
[EventDate "2006.09.10"]
[EventType "team"]
[EventRounds "11"]
[EventCountry "SRB"]
[SourceTitle "EXT 2012"]
[Source "ChessBase"]
[SourceDate "2011.11.24"]
[SourceVersion "1"]
[SourceVersionDate "2011.11.24"]
[SourceQuality "1"]

1. Nf3 e6 2. g3 b5 3. Bg2 Bb7 4. 0-0 c5 5. d3 f5 6. e4 fxe4 7. Ng5 Nf6 8. Nc3 b4 9. Ncxe4 Nxe4 10. Nxe4 Nc6 11. Nxc5 Qb6 12. Be3 Qc7 13. Nxb7 Qxb7 14. d4 d5 15. c4 Rd8 16. cxd5 exd5 17. Qa4 Rd7 18. Rac1 Nd8 19. Bh3 Bd6 20. Rfe1 1-0

[Event "YUG-chT"]
[Site "Vrnjacka Banja"]
[Date "1996.??.??"]
[Round "?"]
[White "Zivkovic, Milan"]
[Black "Dimitrijevic, Milorad"]
[Result "1/2-1/2"]
[WhiteElo "2285"]
[BlackElo "2335"]
[PlyCount "40"]
[EventDate "1996.??.??"]
[EventType "team"]
[EventRounds "11"]
[EventCountry "YUG"]
[SourceTitle "EXT 2000"]
[Source "ChessBase"]
[SourceDate "1999.11.16"]
[SourceVersion "1"]
[SourceVersionDate "1999.11.16"]
[SourceQuality "1"]

1. e4 g6 2. d4 Bg7 3. Nc3 c6 4. Nf3 d6 5. a4 a5 6. Bc4 Na6 7. 0-0 Nc7 8. Re1 e6 9. Bg5 Ne7 10. Qd2 h6 11. Bh4 0-0 12. Bg3 Ne8 13. Rad1 Bd7 14. h3 Rb8 15. Qe2 b6 16. Nh2 Rb7 17. Ba6 Ra7 18. Bc4 Rb7 19. Ba6 Ra7 20. Bc4 Rb7 1/2-1/2

[Event "Kragujevac"]
[Site "Kragujevac"]
[Date "1977.10.29"]
[Round "15"]
[White "Dimitrijevic, Milorad"]
[Black "Rajkovic, Dusan"]
[Result "0-1"]
[WhiteElo "2375"]
[BlackElo "2495"]
[PlyCount "80"]
[EventDate "1977.10.12"]
[EventType "tourn"]
[EventRounds "15"]
[EventCountry "YUG"]
[EventCategory "6"]
[SourceTitle "EXT 2004"]
[Source "ChessBase"]
[SourceDate "2003.11.25"]
[SourceVersion "1"]
[SourceVersionDate "2003.11.25"]
[SourceQuality "1"]

1. e4 c5 2. d4 cxd4 3. Nf3 e6 4. Nxd4 Nf6 5. Nc3 Nc6 6. Ndb5 d6 7. Bf4 e5 8. Bg5 a6 9. Na3 b5 10. Nd5 Be7 11. Bxf6 Bxf6 12. c4 b4 13. Nc2 Rb8 14. Be2 0-0 15. 0-0 Bg5 16. Bg4 Be6 17. Nce3 g6 18. g3 h5 19. Bxh5 gxh5 20. f4 exf4 21. gxf4 Bf6 22. Qxh5 Bg7 23. Nf5 Bxf5 24. exf5 f6 25. Rae1 Rb7 26. Rf3 Ne7 27. Rfe3 Nxd5 28. cxd5 Qb6 29. Kg2 Qd4 30. Rg3 Qxd5+ 31. Kh3 Qf7 32. Qg4 Rd8 33. Re6 Kf8 34. Qf3 Re7 35. Qd5 Qh5+ 36. Kg2 Rxe6 37. Qxe6 Qf7 38. Qe4 a5 39. a3 d5 40. Qd4 bxa3 0-1

[Event "Kallithea 2nd"]
[Site "Kallithea"]
[Date "1976.??.??"]
[Round "2"]
[White "Dimitrijevic, Milorad"]
[Black "Skalkotas, Nikolaos"]
[Result "0-1"]
[WhiteElo "2425"]
[BlackElo "2260"]
[PlyCount "120"]
[EventDate "1976.05.??"]
[EventType "tourn"]
[EventRounds "11"]
[EventCountry "GRE"]
[SourceTitle "EXT 1998"]
[Source "ChessBase"]
[SourceDate "1997.11.17"]
[SourceVersion "1"]
[SourceVersionDate "1997.11.17"]
[SourceQuality "1"]

1. Nf3 Nf6 2. c4 g6 3. Nc3 Bg7 4. e4 d6 5. d4 0-0 6. Be2 e5 7. 0-0 Nc6 8. d5 Ne7 9. Nd2 c5 10. dxc6 bxc6 11. b4 Ne8 12. Nb3 Nc7 13. Be3 f5 14. f3 f4 15. Bf2 g5 16. Qd2 Rf6 17. b5 Qe8 18. c5 d5 19. bxc6 d4 20. Bc4+ Be6 21. Bxe6+ Rxe6 22. Ne2 Nxc6 23. Rab1 Bf8 24. Rfc1 a5 25. a4 Na6 26. Qd3 Nab4 27. Qc4 Kh8 28. Be1 h5 29. h3 g4 30. Bh4 Rg6 31. hxg4 hxg4 32. Kf2 d3 33. Rh1 Kg7 34. Nc3 g3+ 35. Ke1 Nc2+ 36. Kd2 Na3 37. Qxd3 Nb4 38. Qf1 Qd7+ 39. Nd5 Nxd5 40. exd5 Qxd5+ 41. Qd3 Nxb1+ 42. Rxb1 Qxd3+ 43. Kxd3 Rh6 44. Rh1 Kf7 45. Ke4 Ke6 46. c6 Bd6 47. c7 Rc8 48. Nxa5 Rxc7 49. Nb3 Rc4+ 50. Kd3 Rxa4 51. Nd2 Rd4+ 52. Ke2 Rxd2+ 53. Kxd2 Be7 54. Kd3 Rxh4 55. Rxh4 Bxh4 56. Ke4 Be7 57. Kd3 Kd5 58. Ke2 e4 59. fxe4+ Kxe4 60. Kf1 Bc5 0-1